Planes de contingencias

Bibliographic Details
Main Author: Trujillo Meja̕, Ral︢ Felipe
Format: eBook
Language:Spanish
Published: Bogot ̀: Ecoe ediciones, 2011
Series:Ingeniera̕ y arquitectura. Salud ocupacional
Subjects:
Online Access:Acceso restringido

MARC

LEADER 00000nam a22000007a 4500
005 20120222112812.0
007 cr|||| ||||
008 120222s2011 co |||||s|||| 00||0 spa d
020 |a 9586486915 
035 |a 6254 
040 |a vLex 
090 |c 3016  |d 3016 
100 1 |a Trujillo Meja̕, Ral︢ Felipe 
245 1 0 |a Planes de contingencias  |h [Recurso electrn̤ico] /  |c Ral︢ Felipe Trujillo Meja̕  
256 |a Servicio en ln̕ea 
260 |a Bogot ̀:  |b Ecoe ediciones,  |c 2011 
300 |a 1 recurso electrn̤ico 
490 0 |a  Ingeniera̕ y arquitectura. Salud ocupacional  
500 |a Gua̕s y recomendaciones para actuar antes y durante hechos y situaciones de calamidad y tragedia que afectan diariamente a comunidades enteras.  
504 |a Incluye glosario y bibliografa̕  
506 1 |a Contenido solo disponible en los productos indicados  |d vLex Global   |d vLex Global (Academic Edition, excluding Law Schools)   |d vLex Global (U.S. Academic Edition, Law Schools)   |d vLex Global (U.S. Academic Edition, excluding Law Schools)   |d vLex Global (Academic Edition, Law Schools)  
650 0 4 |a Gestin̤ de situaciones de emergencia  |z Colombia 
650 0 4 |a Proteccin̤ civil  |z Colombia 
740 0 |a vLex Libros (Servicio en ln̕ea) 
856 4 0 |u http://vlex.com/source/planes-contingencias-6254  |z Acceso restringido 
942 |c BOOK 
999 0 |a Emergency management 
999 0 |a Civil defense